000 01357nam0a22003131 4500
001 rc\226193
005 20250621003748.0
010 _a5-339-00496-1
_970000
035 _a(NLR Aleph) 005479759
090 _a5113966
_c5113966
100 _a20030307d1990 |||y0rusy50 ca
101 0 _arus
102 _aRU
105 _ay |||||||||
200 1 _aПарадиз-Сити
_e[Сборник
_eПеревод]
_fДжеймс Хэдли Чейз
210 _aМинск
_cВышэйшая школа
_d1990
215 _a732, [2] с.
_d22
327 1 _aСодерж.: "Итак, моя милая..."; "Доминико"; Снайпер; "Если вам дорога жизнь..."; "Без денег - ты мертв!"
464 0 _12001#$aˆ"‰Итак, моя милая..."
_tˆ"‰Итак, моя милая..."
464 0 _12001#$aˆ"‰Доминико"
_tˆ"‰Доминико"
464 0 _12001#$aСнайпер
_tСнайпер
464 0 _12001#$aˆ"‰Если вам дорога жизнь..."
_tˆ"‰Если вам дорога жизнь..."
464 0 _12001#$aˆ"‰Без денег - ты мертв!"
_tˆ"‰Без денег - ты мертв!"
700 1 _aЧейз
_bД.Х.
_f1906-1985
_gДжеймс Хэдли
801 0 _aRU
_bNLR
_gpsbo
801 1 _aRU
_bELAR
_2rusmarc
852 _aNLR
_j90-3/9905
942 _cBOOK
980 _aNB